STATUS OF water quality of some rivers of India monitored under global environmental monitoring systems (Record no. 693288)

MARC details
000 -LEADER
fixed length control field 00961nam a2200265Ia 4500
003 - CONTROL NUMBER IDENTIFIER
control field OSt
005 - DATE AND TIME OF LATEST TRANSACTION
control field 20220927105601.0
008 - FIXED-LENGTH DATA ELEMENTS--GENERAL INFORMATION
fixed length control field 220926b |||||||| |||| 00| 0 eng d
037 ## - SOURCE OF ACQUISITION
Terms of availability Reference Collections
040 ## - CATALOGING SOURCE
Original cataloging agency RTL
Transcribing agency RTL
Language of cataloging eng
041 ## - LANGUAGE CODE
Source of code eng
Language code of text/sound track or separate title eng
110 ## - MAIN ENTRY--CORPORATE NAME
Corporate name or jurisdiction name as entry element CENTRAL BOARD FOR THE PREVENTION AND CONTROL OF WATER POLLUTION
9 (RLIN) 373561
245 #0 - TITLE STATEMENT
Title STATUS OF water quality of some rivers of India monitored under global environmental monitoring systems
260 ## - PUBLICATION, DISTRIBUTION, ETC.
Place of publication, distribution, etc. New
Name of publisher, distributor, etc. Delhi CBPCWP
Date of publication, distribution, etc. 1986
300 ## - PHYSICAL DESCRIPTION
Extent 81p
Dimensions cm.
490 ## - SERIES STATEMENT
Series statement Monitoring of Indian National Aquatic Resources Series: MINRAS/1/1986-87
500 ## - GENERAL NOTE
General note Appendix: P 61-77
700 ## - ADDED ENTRY--PERSONAL NAME
Personal name CENTRAL BOARD FOR THE PREVENTION AND CONTROL OF WATER POLLUTION
9 (RLIN) 373562
942 ## - ADDED ENTRY ELEMENTS (KOHA)
Classification part "X9(D26):(G:55).2, M6/GD"
Koha item type
Holdings
Withdrawn status Lost status Damaged status Not for loan Home library Current library Date acquired Total Checkouts Full call number Barcode Date last seen Price effective from Koha item type
        Ratan Tata Library Ratan Tata Library 2022-09-27   "X9(D26):(G:55).2 M6/GD" RT1455558 2022-09-27 2022-09-27  
Copyright @ Delhi University Library System